LEADER 00999nam a2200265 a 4500 001 000000136456 003 CaOOAMICUS 005 20131128101721.0 008 131128s1980 it u000 u ita r 040 $aPUL$bita 041 1 $aita$hger 100 1 $aHölderlin, Friedrich,$d1770-1843.$0(OLS)http://pul/name/38801 245 10$aSul tragico /$cFriedrich Hölderlin ; con un saggio introduttivo e a cura di Remo Bodei. 260 $aMilano :$bFeltrinelli,$c1980. 300 $a83 p. ;$c17 cm 490 1 $aSaggi brevi 700 1 $aBodei, Remo,$d1938-$0(OLS)http://pul/name/9634 830 0$aSaggi brevi (Feltrinelli).$0(OLS)http://pul/title/172664 850 $aPUL 852 $aPUL$W1$xDP1 Fondo E. Rossi$y115$m2 D 35$j157184$qFondi$B156649$CPULBib$Z2$F156649 $82 941 1 $a1 961 $aSul dorso collocazione ms. di E. Rossi: IV 42 996 $6245$aSul tragico$9(OLS)http://pul/title/172663 996 $6260$aMilano :$bFeltrinelli$9(OLS)http://pul/publisher/48846 LEADER 01252nam a2200277 a 4500 001 000000164508 003 CaOOAMICUS 005 20171123104234.0 006 a 000 u 008 171123s1962 sp frm z000 u spa r 032 $aLibriCat 040 $aPUL$bita 100 1 $aLopez Rodriguez, Arsenio.$0(OLS)http://pul/name/105768 245 10$aAmor Ruibal :$bescolastico, en lo tocante al problema critico /$cArsenio Lopez Rodriguez. 260 $aSalamanca :$bCalatrava,$c1962. 300 $a58 p. ;$c24 cm. 502 $aEstratto da tesi. Universidad Pontificia de Salamanca. Facultad de filosofia. 1962. 504 $aBibliografia in nota a piè pagina. 600 14$aAmor Ruibal, Ángel María,$d1869-1930.$0(OLS)http://pul/subject/44530 710 2 $aUniversidad Pontificia de Salamanca.$bFacultad de filosofía.$kTesi.$0(OLS)http://pul/name/82328 850 $aPUL 852 $aPUL$W1$xDP1 Tesi Univ. Salamanca$y45$mTH UPSA 26$j188650$qTesi$B191816$CPULBib$Z2$F191816 $H22646 $82 941 1 $a16 996 $6245$aAmor Ruibal :$bescolastico, en lo tocante al problema critico$9(OLS)http://pul/title/204183 996 $6260$aSalamanca :$bCalatrava$9(OLS)http://pul/publisher/84059